21 claves para organizar los datos de investigación (Registro nro. 10854)

000 -CABECERA
Campo de control de longitud fija 02167nam a22004937a 4500
003 - IDENTIFICADOR DEL NÚMERO DE CONTROL
Campo de control OSt
005 - FECHA Y HORA DE LA ÚLTIMA TRANSACCIÓN
Campo de control 20260416133334.0
008 - CÓDIGOS DE INFORMACIÓN DE LONGITUD FIJA
Campo de control de longitud fija 260415t2024 xxu||||| |||| 00| 0 spa d
020 ## - NÚMERO INTERNACIONAL NORMALIZADO PARA LIBROS (ISBN)
Número Internacional Normalizado para Libros (ISBN) 9786078984503
022 ## - NÚMERO INTERNACIONAL NORMALIZADO PARA PUBLICACIONES SERIADAS (ISSN)
Número Internacional Normalizado para Publicaciones Seriadas 9786078961894
040 ## - FUENTE DE LA CATALOGACIÓN
Centro catalogador de origen Unicoc
Lengua de catalogación spa
Centro que cataloga Bogotá (Dr. David Ordóñez Rueda) - Campus Norte
Centro modificador Bogotá (Dr. David Ordóñez Rueda) - Campus Norte
082 ## - NÚMERO DE LA CLASIFICACIÓN DECIMAL DEWEY
Número de clasificación 001.4
100 ## - PUNTO DE ACCESO PRINCIPAL - NOMBRE DE PERSONA
9 (RLIN) 12958
Nombre de persona Feria Basurto, Lourdes
245 ## - MENCIÓN DE TÍTULO
Título 21 claves para organizar los datos de investigación
Subtitulo o Resto del título : guía práctica de gestión de datos
Mención de responsabilidad etc. / Lourdes Feria Basurto
250 ## - MENCIÓN DE EDICIÓN
Mención de edición 1 Ed.
260 ## - PUBLICATION, DISTRIBUTION, ETC. (IMPRINT)
Lugar de publicación distribución etc. México :
Nombre del editor distribuidor etc. Universidad de Colima ,
-- Puertabierta ,
Fecha de publicación distribución etc. 2024.
300 ## - DESCRIPCIÓN FÍSICA
Extensión 106 páginas
Otras características físicas ilustraciones, diagramas, tablas, gráficas
440 ## - MENCIÓN DE SERIE
9 (RLIN) 12960
Título Colección open access
500 ## - NOTA GENERAL
Nota general Incluye Bibliografía
505 ## - NOTA DE CONTENIDO CON FORMATO
Título Capítulo 1. Los datos. --
-- Capítulo 2. La elegancia del orden. --
-- Capítulo 3. Tu Plan de gestión de datos. --
-- Capítulo 4. Abrirse al mundo. --
526 ## - NOTA DE INFORMACIÓN SOBRE EL PROGRAMA DE ESTUDIO
Institución que aplica el campo Unicoc
546 ## - NOTA DE LENGUA
Nota de lengua Español
650 #0 - PUNTO DE ACCESO ADICIONAL DE MATERIA - TÉRMINO DE MATERIA
9 (RLIN) 11598
Término de materia o nombre geográfico como elemento inicial Ciencia de Datos (Data Science)
650 #0 - PUNTO DE ACCESO ADICIONAL DE MATERIA - TÉRMINO DE MATERIA
9 (RLIN) 12959
Término de materia o nombre geográfico como elemento inicial Gestión de datos
650 #0 - PUNTO DE ACCESO ADICIONAL DE MATERIA - TÉRMINO DE MATERIA
9 (RLIN) 7202
Término de materia o nombre geográfico como elemento inicial Procesamiento y análisis de datos
650 #0 - PUNTO DE ACCESO ADICIONAL DE MATERIA - TÉRMINO DE MATERIA
9 (RLIN) 12961
Término de materia o nombre geográfico como elemento inicial Administración de datos
650 #0 - PUNTO DE ACCESO ADICIONAL DE MATERIA - TÉRMINO DE MATERIA
9 (RLIN) 10518
Término de materia o nombre geográfico como elemento inicial Big Data
650 #0 - PUNTO DE ACCESO ADICIONAL DE MATERIA - TÉRMINO DE MATERIA
9 (RLIN) 12983
Término de materia o nombre geográfico como elemento inicial Right Data
658 #0 - TÉRMINO DE INDIZACIÓN - OBJETIVO CURRICULAR
9 (RLIN) 8315
Programa Académico Programa de Odontología
658 #0 - TÉRMINO DE INDIZACIÓN - OBJETIVO CURRICULAR
9 (RLIN) 8314
Programa Académico Programa de Negocios Internacionales
658 #0 - TÉRMINO DE INDIZACIÓN - OBJETIVO CURRICULAR
9 (RLIN) 8008
Programa Académico Programa de Derecho
658 #0 - TÉRMINO DE INDIZACIÓN - OBJETIVO CURRICULAR
9 (RLIN) 8220
Programa Académico Programa de Ingeniería de Sistemas
658 #0 - TÉRMINO DE INDIZACIÓN - OBJETIVO CURRICULAR
9 (RLIN) 8260
Programa Académico Programa de Ingeniería Industrial
658 #0 - TÉRMINO DE INDIZACIÓN - OBJETIVO CURRICULAR
9 (RLIN) 8382
Programa Académico Programa de Administración de Empresas
658 #0 - TÉRMINO DE INDIZACIÓN - OBJETIVO CURRICULAR
9 (RLIN) 10741
Programa Académico Programa de Psicología
658 #0 - TÉRMINO DE INDIZACIÓN - OBJETIVO CURRICULAR
9 (RLIN) 8071
Programa Académico Especialización en Endodoncia
658 #0 - TÉRMINO DE INDIZACIÓN - OBJETIVO CURRICULAR
9 (RLIN) 8037
Programa Académico Especialización en Gerencia de Servicios de Salud
658 #0 - TÉRMINO DE INDIZACIÓN - OBJETIVO CURRICULAR
9 (RLIN) 11722
Programa Académico Especialización en Ortodoncia y Ortopedia Maxilar
658 #0 - TÉRMINO DE INDIZACIÓN - OBJETIVO CURRICULAR
9 (RLIN) 8074
Programa Académico Especialización en Rehabilitación Oral
658 #0 - TÉRMINO DE INDIZACIÓN - OBJETIVO CURRICULAR
9 (RLIN) 8072
Programa Académico Especialización en Periodoncia
658 #0 - TÉRMINO DE INDIZACIÓN - OBJETIVO CURRICULAR
9 (RLIN) 8073
Programa Académico Especialización en Prostodoncia
856 ## - LOCALIZACIÓN Y ACCESO ELECTRÓNICOS
Texto del enlace Acceso online exclusivo para comunidad Unicoc.
Identificador Uniforme del Recurso (URI) https://unicoceduco-my.sharepoint.com/:b:/g/personal/direccionbiblioteca_unicoc_edu_co/IQDE2bKhGiXfT6NNA5Tr3G6pAUjLS-u1hs4jmEFIRzSeSLQ
942 ## - ENTRADA PARA ELEMENTOS AGREGADOS (KOHA)
Fuente de clasificación o esquema de ordenación en estanterías
Koha [por defecto] tipo de item Libro electrónico
Existencias
Localización permanente Código de barras Estropeado Estado de pérdida Localización actual Fecha de adquisición Precio No para préstamo Fuente de adquisición Fecha del precio de reemplazo Código de colección Tipo de item de Koha Signatura completa Fecha última consulta Fuente de clasificación o esquema de ordenación en estanterías
Bogotá (Dr. David Ordóñez Rueda) - Campus NorteEbook10854  Bogotá (Dr. David Ordóñez Rueda) - Campus Norte2026-04-15200000.00 Compra2026-04-15Coleccion OnlineLibro electrónico001.42026-04-15 

© 2014 UNICOC | Institución Universitaria Colegios de Colombia - UNICOC
Bogotá D.C. Autopista Norte Km. 20. Teléfono:(571)6683535
Cali: Calle 13 Norte No. 3N-13. Teléfono: (572)6608887

Con tecnología de Koha